The Legend Of Zelda: Spirit Tracks Train Cars - Statistics

General Stats
  • This quiz has been taken 2 times
  • The average score is 23 of 32
Answer Stats
Set Part Train Car % Correct
Sweet Train Passenger Car Cake Passenger Car
100%
Dragonhead Train Cannon Dragon Cannon
100%
Dragonhead Train Freight Car Dragon Freight Car
100%
Dragonhead Train Engine Dragonhead Engine
100%
Dragonhead Train Passenger Car Dragon Passenger Car
100%
Golden Train Engine Golden Engine
100%
Golden Train Freight Car Golden Freight Car
100%
Skull Train Cannon Skull Cannon
100%
Skull Train Engine Skull Engine
100%
Skull Train Freight Car Skull Freight Car
100%
Skull Train Passenger Car Skull Passenger Car
100%
Spirit Train Engine Spirit Engine
100%
Stagecoach Train Engine Stagecoach Engine
100%
Steel Train Engine Steel Engine
100%
Sweet Train Engine Sweet Engine
100%
Wooden Train Cannon Wooden Cannon
100%
Wooden Train Engine Wooden Engine
100%
Wooden Train Freight Car Wooden Freight Car
100%
Wooden Train Passenger Car Wood Passenger Car
100%
Golden Train Cannon Brawny Cannon
50%
Sweet Train Cannon Honey Cannon
50%
Sweet Train Freight Car Pie Freight Car
50%
Stagecoach Train Passenger Car Quaint Passenger Car
50%
Golden Train Passenger Car Royal Passenger Car
50%
Spirit Train Passenger Car Solid Passenger Car
50%
Steel Train Passenger Car Sturdy Passenger Car
50%
Stagecoach Train Cannon Tower Cannon
50%
Steel Train Freight Car Efficient Freight Car
0%
Stagecoach Train Freight Car Garden Freight Car
0%
Steel Train Cannon Heavy Cannon
0%
Spirit Train Cannon Practical Cannon
0%
Spirit Train Freight Car Trusty Freight Car
0%
No matching quizzes found
Score Distribution
Percent of People with Each Score
Percentile by Number Answered
Your Score History
You have not taken this quiz